000246748 001__ 246748
000246748 005__ 20230814092905.0
000246748 0247_ $$2I:(DE-82)080006_20140620$$aG:(DE-82)EXS-SF-SFDdM010$$dG:(DE-82)EXS-SF
000246748 035__ $$aG:(DE-82)EXS-SF-SFDdM010
000246748 150__ $$aA differentiable multi-fidelity surrogate framework for predicting both materials properties and their sensitivities$$y2021-11-01 - 2022-10-31
000246748 450__ $$aSFDdM010$$wd
000246748 5101_ $$0I:(DE-82)080006_20140620$$aExploratory Research Space der RWTH Aachen$$bERS
000246748 550__ $$0G:(DE-82)EXS-SF$$aExploratory Research Space: Seed Fund (2) als Anschubfinanzierung zur Erforschung neuer interdisziplinärer Ideen$$wt
000246748 909CO $$ooai:juser.fz-juelich.de:909056$$pauthority$$pauthority:GRANT
000246748 909CO $$ooai:juser.fz-juelich.de:909056
000246748 980__ $$aG
000246748 980__ $$aAUTHORITY